|
|
|
|
| LEADER |
00000cam a2200000 7i4500 |
| 001 |
0000012363 |
| 005 |
20080626.0 |
| 008 |
071213 |
| 020 |
|
|
|a 9833710409
|
| 090 |
0 |
0 |
|a 158.128
|b MAR
|
| 100 |
1 |
|
|a Marden, Orison Swett
|
| 245 |
1 |
0 |
|a Rising in the world or architects of fate :
|b a road map to success and happiness
|c Orison Swett Marden
|
| 260 |
|
|
|a Selangor :
|b Masterpiece Publication ,
|c 2006
|
| 650 |
|
0 |
|a Conduct of life
|
| 650 |
|
0 |
|a English fiction
|
| 650 |
|
0 |
|a Motivation (Psychology) in anecdotes
|
| 710 |
0 |
|
|a Title
|
| 999 |
|
|
|a 0001003842
|b Book
|c Adult Collection
|e Perbadanan Perpustakaan Awam Johor
|
| 999 |
|
|
|a 0001011215
|b Book
|c Adult Collection
|e Perbadanan Perpustakaan Awam Johor
|
| 999 |
|
|
|a 0001011216
|b Book
|c Adult Collection
|e Cawangan AEON Kulaijaya
|
| 999 |
|
|
|a 0001011218
|b Book
|c Adult Collection
|e Cawangan AEON Kulaijaya
|
| 999 |
|
|
|a 0001011219
|b Book
|c Adult Collection
|e Cawangan Bandar Penawar
|
| 999 |
|
|
|a 0001020463
|b Book
|c Adult Collection
|e Cawangan Segamat
|
| 999 |
|
|
|a 0001020464
|b Book
|c Adult Collection
|e Cawangan Bukit Gambir
|